Segment reporting under the U.S.-Based Generally Accepted Accounting Principles (GAAP)
Problematika niektorých aspektov vykazovania informácií o segmentoch z pohľadu Všeobecne uznávaných účtovných zásad v Spojených štátoch amerických (U.S.GAAP). V období 1976-1997 bola oblasť vykazovania informácií o segmentoch predmetom štandardov finančného účtovníctva: SFAS 18, 24,a 30. V r. 1997...
Guardado en:
| Autor principal: | |
|---|---|
| Formato: | Capítulo de libro |
| Lenguaje: | inglés |
| Materias: | |
| Etiquetas: |
Sin Etiquetas, Sea el primero en etiquetar este registro!
|
MARC
| LEADER | 00000naa$a2200000$$$4500 | ||
|---|---|---|---|
| 001 | 0019728 | ||
| 005 | 20240502071409.0 | ||
| 041 | 0 | |a eng | |
| 044 | |a SK | ||
| 245 | 1 | 0 | |a Segment reporting under the U.S.-Based Generally Accepted Accounting Principles (GAAP) |c Miloš Tumpach |
| 520 | |a Problematika niektorých aspektov vykazovania informácií o segmentoch z pohľadu Všeobecne uznávaných účtovných zásad v Spojených štátoch amerických (U.S.GAAP). V období 1976-1997 bola oblasť vykazovania informácií o segmentoch predmetom štandardov finančného účtovníctva: SFAS 18, 24,a 30. V r. 1997 boli nahradené štandardom SFAS 131, ktorý predstavuje jednotnú základňu pri vymedzení prevádzkových segmentov, spôsobe ich agregácie a spôsobe zverejňovania informácií o nákladoch, výnosoch, výsledku hospodárenia a aktívach vnútropodnikových stredísk. | ||
| 610 | 2 | 0 | |a výkazy finančné |
| 610 | 2 | 0 | |a reporting |
| 610 | 2 | 0 | |a výkazy účtovné |
| 610 | 2 | 0 | |a náklady |
| 610 | 2 | 0 | |a výnosy |
| 610 | 2 | 0 | |a aktíva |
| 610 | 2 | 0 | |a USA |
| 610 | 2 | 0 | |a štandardy účtovné medzinárodné |
| 610 | 2 | 0 | |a účtovníctvo finančné |
| 610 | 2 | 0 | |a systémy informačné |
| 100 | 1 | |a Tumpach, Miloš, 1970- | |